000 00926cam a22002894a 4500
001 16150123
003 OSt
005 20240708121821.0
008 100324s2010 pk b 001 0 eng
010 _a 2010341610
020 _a9780195477733
025 _aP-E-2010341610; 20
040 _aMUST LIB
_cMUST
_dMUST
042 _alcode
050 0 0 _aHD87
_b.N384 2010
082 _222
_a338.9
_bNAW
100 1 _aNaqvi, Syed Nawab Haider.
_918506
245 1 4 _aThe evolution of development policy :
_ba reinterpretation /
_cSyed Nawab Haider Naqvi.
260 _aKarachi :
_bOxford University Press,
_c2010.
300 _axxvi, 442 p. ;
_c24 cm.
504 _aIncludes bibliographical references (p. [405]-427) and index.
650 0 _aEconomic policy.
_97613
650 0 _aDevelopment economics.
_97021
906 _a7
_bcbc
_corigode
_d3
_encip
_f20
_gy-gencatlg
942 _2ddc
_cO_SHELF
999 _c9089
_d9089